Races caprines françaises - Statistiques

Statistiques générales
  • Ce quiz a été pris 18 fois
  • Le résultat moyen est 5 sur 14
Statistiques - réponses
Par images Réponse % Correct
Alpine chamoisée
82%
Angora
73%
Corse
55%
Saanen
55%
Poitevine
45%
Rove
45%
Pyrénéenne
36%
Boer
27%
Créole
27%
Du Massif Central
27%
Péï
18%
Provencale
18%
De Lorraine
9%
Des Fossés
9%
Aucun quiz correspondant
Distribution des résultats
% des personnes avec chaque résultat
Percentile par nombre de réponses
Votre historique - résultats
Vous n’avez pas pris ce quiz